| Tag |
First Indicator |
Second Indicator |
Subfields |
| LEADER |
00000cam a2200000 a 4500 |
| 001 |
in00001335321 |
| 005 |
20151006050557.0 |
| 008 |
961104s1996 gw a b 001 0 ger c |
| 010 |
|
|
|a 96216800
|
| 020 |
|
|
|a 3170139150
|
| 035 |
|
|
|a (OCoLC)35856364
|
| 035 |
|
|
|9 AHF0501AM
|
| 040 |
|
|
|a CU
|c CUY
|d DLC
|d TXA
|d UtOrBLW
|
| 042 |
|
|
|a pcc
|
| 043 |
|
|
|a e-gx---
|
| 049 |
|
|
|a TXAM
|
| 050 |
0 |
4 |
|a DS135.G3
|b T74 1996
|
| 082 |
0 |
0 |
|a 943/.004924
|2 21
|
| 100 |
1 |
|
|a Trepp, Leo.
|
| 245 |
1 |
0 |
|a Geschichte der deutschen Juden /
|c Leo Trepp.
|
| 264 |
|
1 |
|a Stuttgart :
|b Kohlhammer,
|c [1996]
|
| 264 |
|
4 |
|c ©1996
|
| 300 |
|
|
|a 326 pages :
|b illustrations ;
|c 24 cm.
|
| 336 |
|
|
|a text
|b txt
|2 rdacontent
|
| 337 |
|
|
|a unmediated
|b n
|2 rdamedia
|
| 338 |
|
|
|a volume
|b nc
|2 rdacarrier
|
| 504 |
|
|
|a Includes bibliographical references and index.
|
| 650 |
|
0 |
|a Jews
|z Germany
|x History.
|
| 650 |
|
0 |
|a Judaism
|z Germany
|x History.
|
| 651 |
|
0 |
|a Germany
|x Ethnic relations.
|
| 999 |
|
|
|a MARS
|
| 999 |
f |
f |
|s 424c7af7-5b8f-3de7-bab3-ae430e08b129
|i a42d2725-e835-37e7-aa79-1f5b3bd99634
|t 0
|
| 952 |
f |
f |
|p ric
|a Texas A&M University
|b Rellis Campus
|c Joint Library Facility
|d Remote Storage
|t 0
|e DS135.G3 T74 1996
|h Library of Congress classification
|i unmediated -- volume
|m A14821313295
|
| 998 |
f |
f |
|a DS135.G3 T74 1996
|t 0
|l Remote Storage
|